000 00914nmc a2200301 a 4500
003 AR-BaBNM
005 20251128210909.0
008 201020s1999 ||||||||||||||000 | spa||
020 _a84-493-0676-0
040 _cAR-BaBNM
100 1 _aRicoeur, Paul
_d1913-2005
245 1 0 _aHistoria y narratividad
260 _aBarcelona
_bPaidós
_c1999
_bInstituto de Ciencias de la Educación. Universidad Autónoma de Barcelona
300 0 _a230 p.
490 0 _aPensamiento contemporáneo
_vv. 56
650 4 _aHISTORIOGRAFIA
650 4 _aINVESTIGACION LITERARIA
650 4 _aCRITICA LITERARIA
650 4 _aHISTORIA Y ESTUDIOS CONEXOS
650 4 _aLINGUISTICA
650 4 _aMETODO HISTORICO
650 4 _aLITERATURA CONTEMPORANEA
700 1 _aGabilondo, Angel
_eintroducción
700 1 _aAranzueque, Gabriel
_eprologuista
800 1 _aCruz, Manuel
_edirector
942 _cBK
998 _cMariana
999 _c17348
_d17348